000 01066nam a22003137a 4500
003 CHAP
005 20220329135036.0
008 971013s1962 r 00010 d
010 _a30005
011 _a30977
035 _a35089
040 _cCHAP
082 _a330.94
_bN32
110 0 0 _aOrganización de las Naciones Unidas.
_983534
245 _aEconomic survey of Europe in 1961
260 _aGeneva :
_bEconomic Commission for Europe,
_c1962-64.
300 _a2 v.
500 _aThe European economy in 1961.--v.2 Some factors in economic growth in Europe during the 1950s.
505 _aContenido : v.1
590 _aBATCH-UPD
_b10
_c20130110
_lUCH01
_h1821
590 _aBATCH-UPD
_b10
_c20130410
_lUCH01
_h1155
590 _aBATCH-UPD
_b10
_c20130914
_lUCH01
_h1333
590 _aCONVERSION
_b10
_c20130109
_lUCH01
_h1317
650 1 4 _aEuropa
_xCondiciones económicas.
_938863
901 _aBK
942 _cLIBRO
949 _a330.94 N32
_bBC
_cLIBRO
_d-81162
_eLIBRO
_fv.1
_i35089
_si
949 _a330.94 N32
_bBC
_cLIBRO
_d33724000319000
_eLIBRO
_fv.2
_i35089
_si
999 _c30005
_d30005